El judeo-cristianismo palestino en el siglo I: de Pentecostés a Jamnia

Uloženo v:
Podrobná bibliografie
Hlavní autor: Vidal Manzanares, César (Autor)
Médium: Kniha
Jazyk:španělština
Vydáno: Madrid Trotta 1995
Edice:Colección Paradigmas. Biblioteca de Ciencias de las Religiones
Témata:
Tagy: Přidat tag
Žádné tagy, Buďte první, kdo vytvoří štítek k tomuto záznamu!

MARC

LEADER 00000nam a2200000 a 4500
001 UCN8075
003 CL-VaPUC
008 011026e19950000SP |||||||||||||||||spa|d
082 0 4 |a 270.1  |b VID  |2 21 
100 0 |a Vidal Manzanares, César  |e author  |9 464276 
245 1 3 |a El judeo-cristianismo palestino en el siglo I: de Pentecostés a Jamnia 
300 |a 414 p 
942 |c BK 
945 |d 20011026 00:00:00  |a crobeson 
260 |a Madrid  |b Trotta  |c 1995 
650 7 |a CRISTIANISMO ANTIGUO  |2 CL-VaPUC  |9 464277 
650 0 |a Cristianismo y judaismo   |9 313608 
650 0 |a Cristología   |9 315091 
650 7 |a PNEUMATOLOGIA  |2 CL-VaPUC  |9 431532 
650 0 |a Angelología  |9 434404 
650 0 |a Escatología  |9 314395 
583 |a last modification  |c 20011026 00:00:00  |k Rodrigo Vera 
490 0 |a Colección Paradigmas. Biblioteca de Ciencias de las Religiones 
999 |c 298137  |d 298135 
952 |0 0  |1 0  |4 0  |6 270_100000000000000_VID_1995  |7 0  |8 A  |9 353500  |a BIBTEO  |b BIBTEO  |d 2019-11-21  |i 3715604  |o 270.1 VID 1995  |p 3715604  |r 2025-01-17  |w 2019-11-21  |y BK  |k ICR